000 01908nam a2200433 i 4500
003 CO-CtgCURN
005 20260410163358.0
007 ta
008 120202s2014 ag a 001 0 spa d
020 _a9788498357080
040 _aCO-CtgCURN
_bspa
_ccoctgcurn
082 0 4 _a611
_bG489
100 1 _aGilroy, Anne M.
245 1 0 _aPrometheus.
_pAtlas de anatomía /
_cautores, Anne M. Gilroy, Brian R. MacPherson, Lawrence M. Ross ; basado en la obra de Michael Schünke, Erik Schulte, Udo Schumacher ; ilustraciones, Markus Voll, Karl Wesker.
246 3 0 _aAtlas de anatomía
250 _a2a ed.
260 _aBuenos Aires [etc.] :
_bMedica Panamericana,
_c2014.
300 _aXV, 694 p. :
_bil. ;
_c28 cm.
505 8 _aEspalda.-- Torax.--Abdomen.-- Pelvis y perine.-- Miembro superior.-- Miembro inferior.--Cabeza y cuello.-- Neuroanatomía
520 8 _aMas imagenes, mas claras, mas realistas... Se construyen las estructuras de forma comprensible y se muestran desde todos los angulos... Se incluyen correlaciones clinicas y tablas con resumenes de las inervaciones y acciones. Esos son a grandes rasgos los contenidos.
590 _aMedicina
590 _aEnfemeria
590 _aBioquímica (Odontología)
650 1 4 _aAnatomía
_xAtlas.
700 1 _aMacPherson, Brian R.,
_ecoaut.
700 1 _aRoss, Lawrence M.,
_ecoaut.
700 1 _aSchünke, Michael,
_ecoaut.
700 1 _aSchulte, Erik,
_ecoaut.
700 1 _aSchumacher, Udo,
_ecoaut.
700 1 _aRoss, Lawrence M.,
_ecoaut.
700 1 _aVoll, Markus,
_eil.
700 1 _aWesker, Karl,
_eil.
942 _cBK
_h611
_iG489
_2ddc
999 _c21522
_d21522